Campeones de la liga de fútbol colombiana - Estadísticas

Estadísticas generales
  • Esta prueba ha sido intentada 968 veces
  • La puntuación promedio es 71 de 83
Estadísticas de respuestas
Año Campeón % Correcto
1954 Atlético Nacional
96%
1973 Atlético Nacional
96%
1976 Atlético Nacional
96%
1981 Atlético Nacional
96%
1991 Atlético Nacional
96%
1994 Atlético Nacional
96%
1999 Atlético Nacional
96%
2005-1 Atlético Nacional
96%
2007-1 Atlético Nacional
96%
2007-2 Atlético Nacional
96%
2011-1 Atlético Nacional
96%
2013-1 Atlético Nacional
96%
2013-2 Atlético Nacional
96%
2014-1 Atlético Nacional
96%
2015-2 Atlético Nacional
96%
1949 Millonarios
94%
1951 Millonarios
94%
1952 Millonarios
94%
1953 Millonarios
94%
1959 Millonarios
94%
1961 Millonarios
94%
1962 Millonarios
94%
1963 Millonarios
94%
1964 Millonarios
94%
1972 Millonarios
94%
1978 Millonarios
94%
1987 Millonarios
94%
1988 Millonarios
94%
2012-2 Millonarios
94%
1979 América de Cali
90%
1982 América de Cali
90%
1983 América de Cali
90%
1984 América de Cali
90%
1985 América de Cali
90%
1986 América de Cali
90%
1990 América de Cali
90%
1992 América de Cali
90%
1997 América de Cali
90%
2000 América de Cali
90%
2001 América de Cali
90%
2002-1 América de Cali
90%
2008-2 América de Cali
90%
1948 Independiente Santa Fe
87%
1958 Independiente Santa Fe
87%
1960 Independiente Santa Fe
87%
1966 Independiente Santa Fe
87%
1971 Independiente Santa Fe
87%
1975 Independiente Santa Fe
87%
2012-1 Independiente Santa Fe
87%
2014-2 Independiente Santa Fe
87%
2016-2 Independiente Santa Fe
87%
1965 Deportivo Cali
86%
1967 Deportivo Cali
86%
1969 Deportivo Cali
86%
1970 Deportivo Cali
86%
1974 Deportivo Cali
86%
1996 Deportivo Cali
86%
1998 Deportivo Cali
86%
2005-2 Deportivo Cali
86%
2015-1 Deportivo Cali
86%
1977 Atlético Junior
81%
1980 Atlético Junior
81%
1993 Atlético Junior
81%
1995 Atlético Junior
81%
2004-2 Atlético Junior
81%
2010-1 Atlético Junior
81%
2011-2 Atlético Junior
81%
1955 Independiente Medellín
80%
1957 Independiente Medellín
80%
2002-2 Independiente Medellín
80%
2004-1 Independiente Medellín
80%
2009-2 Independiente Medellín
80%
2016-1 Independiente Medellín
80%
1950 Once Caldas
70%
2003-1 Once Caldas
70%
2009-1 Once Caldas
70%
2010-2 Once Caldas
70%
2003-2 Deportes Tolima
64%
2006-2 Cúcuta Deportivo
45%
2006-1 Deportivo Pasto
43%
2008-1 Boyacá Chicó
38%
1956 Deportes Quindío
36%
1968 Unión Magdalena
36%
No se encontraron pruebas coincidentes
Distribución de puntuación
Porcentaje de gente con cada puntuación
Porcentaje por número respondido
Historial de tus puntuaciones
No has intentado esta prueba.